|
|
|
|
| LEADER |
01149nam a2200337 4500 |
| 001 |
000023530 |
| 003 |
19983 |
| 005 |
20151221141214.0 |
| 008 |
151221s2011 engsd |
| 020 |
|
|
|a 9781422162477 (alk. paper)
|
| 041 |
0 |
|
|a eng
|
| 082 |
0 |
0 |
|a 658.514
|b Har
|
| 245 |
0 |
0 |
|a Harvard business review on aligning technology with strategy
|
| 260 |
|
|
|a Boston, Mass.
|b Harvard business review press
|c 2011
|
| 300 |
|
|
|a 204 p.
|c 21 cm.
|
| 490 |
|
|
|a Harvard business review paperback
|
| 650 |
|
0 |
|a Information technology
|x Management
|
| 650 |
|
0 |
|a Strategic planning
|
| 653 |
|
|
|a Quản trị kinh doanh
|
| 653 |
|
|
|a Quản trị sản xuất
|
| 700 |
1 |
|
|d 1965-
|d 1943-
|d 1950-
|
| OWN |
|
|
|a LSP
|
| AVA |
|
|
|a UDN50
|b LSP
|d 658.514 Har
|e available
|t Error 5001 Not defined in file expand_doc_bib_avail.
|f 1
|g 0
|h N
|i 0
|k 1
|
| 999 |
|
|
|a From the UDN01
|
| AVA |
|
|
|a UDN50
|b LSP
|d 658.514 Har
|e available
|t Error 5001 Not defined in file expand_doc_bib_avail.
|f 1
|g 0
|h N
|i 0
|k 1
|
| TYP |
|
|
|a Monograph
|
| TYP |
|
|
|a Printed language
|
| 980 |
|
|
|a Mạng thư viện Đại học Đà Nẵng
|